000 00626nam a22002177a 4500
008 151012b xxu||||| |||| 00| 0 eng d
020 _a9780131391574
020 _a0131391577
041 0 _aeng
080 _a004.16
100 1 _aEvans, Alan
245 1 0 _aComplete technology in action /
_cAlan Evans, Kendall Martin, Mary Anne Poatsy.
250 _a8th ed.
260 _aBoston :
_bPrentice Hall,
_c2012.
300 _axxxi, 685 f. :
_bme il.;
_c28 cm.
_e1 CD-ROM (4 3/4 in.)
650 0 _aMikro kompjuterët
650 0 _aTeknologjia
700 1 _aMartin, Kendall.
700 1 _aPoatsy, Mary Anne.
942 _2udc
_cBK
999 _c1251
_d1251